[Event "FSGMA December"]
[Site "Budapest HUN"]
[Date "2001.12.11"]
[Round "11"]
[White "Felgaer,R"]
[Black "Ilincic,Z"]
[Result "0-1"]
[WhiteElo "2467"]
[BlackElo "2521"]

1.e4 c5 2.Nf3 d6 3.d4 cxd4 4.Nxd4 Nf6 5.Nc3 a6 6.Be3 e6 7.f3 b5 8.Qd2 Nbd7
9.g4 Nb6 10.Qf2 Nfd7 11.O-O-O Bb7 12.Bd3 Rc8 13.Nce2 d5 14.e5 Nc4 15.f4 Bc5
16.Kb1 Qb6 17.Rhe1 b4 18.b3 Na3+ 19.Ka1 a5 20.Rd2 a4 21.Qg3 Ba6 22.Bxa6 Qxa6
23.f5 Bxd4+ 24.Nxd4 Nc5 25.Bg1 Ne4 26.Qd3 Qxd3 27.Rxd3 Nxc2+ 28.Nxc2 Rxc2  0-1

[Event "Winter Cup"]
[Site "Bucharest ROM"]
[Date "2001.12.12"]
[Round "2"]
[White "Voicu,C"]
[Black "Solcanean,S"]
[Result "1/2-1/2"]
[WhiteElo "2205"]
[BlackElo "2236"]

1.e4 c5 2.Nf3 d6 3.d4 cxd4 4.Nxd4 Nf6 5.Nc3 a6 6.Be3 e6 7.a4 b6 8.Bd3 Bb7
9.f4 Nbd7 10.O-O Be7 11.Kh1 O-O 12.Qe2 Qc7 13.Rae1 Rfe8 14.Nf3 Nc5 15.Bxc5 bxc5
16.e5 Nd5 17.Nxd5 exd5 18.c3 g6 19.Qf2 dxe5 20.fxe5 Rf8 21.Qe3 Kg7 22.Ng5 Qc6
23.Qf4 Qe8 24.Qg3 Rc8 25.Rf4 Rc6 26.Rh4 Rh8 27.Rf4 Rf8 28.Rh4 Rh8 29.Rf4 Rf8
30.Rh4 Rh8 31.Rf4 Rf8 32.Rh4  1/2-1/2

[Event "It"]
[Site "Lvov UKR"]
[Date "2001.12.23"]
[Round "6"]
[White "Kozakov,M"]
[Black "Maksimenko,A"]
[Result "0-1"]
[WhiteElo "2473"]
[BlackElo "2495"]

1.e4 c5 2.Nf3 d6 3.d4 cxd4 4.Nxd4 Nf6 5.Nc3 a6 6.Be3 Ng4 7.Bc1 Nf6 8.Be2 e5
9.Nb3 Be7 10.O-O O-O 11.Be3 Nc6 12.Bf3 b5 13.Qd2 b4 14.Nd5 a5 15.a3 Ba6 16.Rfd1 a4
17.Nc1 Nxd5 18.exd5 Na5 19.axb4 Nc4 20.Qc3 Rc8 21.Be2 f5 22.Bc5 dxc5 23.b5 Bxb5
24.Bxc4 Bxc4 25.Qxc4 Bd6 26.Rxa4 e4 27.Ne2 Rb8 28.b3 Re8 29.Ng3 Qf6 30.Re1 g6
31.Ra6 Rb4 32.Qxc5 Bxc5 33.Rxf6 Rd8 34.Rd1 Rd4 35.Rxd4 Bxd4 36.Ra6 Rxd5 37.Kf1 Bc3
38.f3 Rd1+ 39.Ke2 Re1+ 40.Kf2 e3+  0-1

[Event "ch-BRA"]
[Site "Sao Paolo BRA"]
[Date "2001.12.23"]
[Round "8"]
[White "Leitao,R"]
[Black "Di Berardino,D"]
[Result "1-0"]
[WhiteElo "2581"]
[BlackElo "2207"]

1.e4 c5 2.Nf3 d6 3.d4 cxd4 4.Nxd4 Nf6 5.Nc3 a6 6.Be3 e5 7.Nb3 Be6 8.f3 Nbd7
9.g4 h6 10.Qd2 b5 11.O-O-O Nb6 12.Qf2 Nc4 13.Bxc4 bxc4 14.Nc5 Qc7 15.N5a4 Rb8
16.h4 Qb7 17.g5 Nd7 18.Rhg1 h5 19.g6 f6 20.Kb1 Qb4 21.Ka1 Be7 22.Qe2 Nf8
23.f4 Bd7 24.a3 Qa5 25.Qxc4 Be6 26.Qd3 Bd7 27.b4 Qd8 28.f5 Bxa4 29.Nxa4 Nd7
30.Qb3 Rf8 31.Bh6  1-0

[Event "It"]
[Site "Lvov UKR"]
[Date "2001.12.25"]
[Round "8"]
[White "Firman,N"]
[Black "Maksimenko,A"]
[Result "0-1"]
[WhiteElo "2494"]
[BlackElo "2495"]

1.e4 c5 2.Nf3 d6 3.d4 Nf6 4.Nc3 cxd4 5.Nxd4 a6 6.Be3 e6 7.f3 b5 8.g4 h6 9.Qd2 Nbd7
10.O-O-O Bb7 11.Bd3 Ne5 12.Rhe1 Rc8 13.Kb1 Nfd7 14.f4 Nc4 15.Qe2 Nxe3 16.Qxe3 Qb6
17.Nd5 Qc5 18.b4 Qa7 19.Nxe6 Qxe3 20.Nec7+ Kd8 21.Rxe3 Rxc7 22.Nxc7 Kxc7
23.c4 g5 24.cxb5 gxf4 25.Rf3 axb5 26.Rxf4 Kb6 27.Rxf7 Ne5 28.Rf4 Be7 29.Bc2 Rc8
30.Bb3 Rc3 31.Bd5 Bc8 32.Rff1 Bxg4 33.Rc1 Rd3 34.Rc2 h5 35.Rfc1 Bg5 36.Rf1 Be7
37.Rfc1 Rxd5 38.exd5 Bf5 39.Rf1 Bd3 40.Rd1 Bf5 41.Kb2 Bxc2 42.Kxc2 h4 43.Kd2 Bg5+
44.Ke2 Bf4 45.Rd4 Ng6 46.h3 Bg3 47.Kf3 Ne5+ 48.Ke2 Kc7 49.Re4 Nd7 50.Rd4 Nb6
51.Kf3 Na4 52.Rd2 Kd7 53.Rc2 Be1 54.Rc1 Bd2 55.Rd1 Bg5 56.Kg4 Bf6 57.Rd3 Nc3
58.Kf5 Ke7 59.a3 Kf7 60.Rd2 Be5 61.Rd3 Na4 62.Re3 Nb6 63.Re4 Bf6 64.Re6 Be7  0-1

[Event "10th Open"]
[Site "Aschach AUT"]
[Date "2001.12.26"]
[Round "1"]
[White "Cioara,A"]
[Black "Titz,Her"]
[Result "1-0"]
[WhiteElo "2441"]
[BlackElo "2116"]

1.e4 c5 2.Nf3 d6 3.d4 cxd4 4.Nxd4 Nf6 5.Nc3 a6 6.Be3 e6 7.f3 Qc7 8.g4 h6
9.Qd2 Nc6 10.O-O-O Bd7 11.h4 Ne5 12.Be2 Nc4 13.Bxc4 Qxc4 14.g5 hxg5 15.hxg5 Rxh1
16.Rxh1 Ng8 17.Nb3 Qc7 18.f4 a5 19.Nd4 Qc4 20.b3 Qb4 21.Kb2 d5 22.Ncb5 Bxb5
23.Qxb4 axb4 24.Nxb5 Kd7 25.exd5 exd5 26.Rd1 Ra5 27.Rxd5+ Kc6 28.Rd8 Bc5
29.Rc8+ Kxb5 30.Bxc5 Ra6 31.a4+ bxa3+ 32.Bxa3  1-0

[Event "Open"]
[Site "Trinec CZE"]
[Date "2002.01.01"]
[Round "8"]
[White "Sikora,J"]
[Black "Hodova,L"]
[Result "1/2-1/2"]
[WhiteElo "2191"]
[BlackElo "2081"]

1.e4 c5 2.Nf3 d6 3.d4 cxd4 4.Nxd4 Nf6 5.Nc3 a6 6.Be3 e5 7.Nb3 Be6 8.f3 h5
9.Be2 Nbd7 10.a4 Nb6 11.a5 Nc4 12.Bxc4 Bxc4 13.Nd2 Be6 14.Bb6 Qd7 15.Nf1 d5
16.exd5 Nxd5 17.Nxd5 Qxd5 18.Qxd5 Bxd5 19.Ne3 Be6 20.O-O-O Rc8 21.Rhe1 f6
22.Nd5 Kf7 23.c3 Bc5 24.Nc7 Bxb6 25.axb6 Rhd8 26.Rxd8 Rxd8 27.Rd1 Rxd1+ 28.Kxd1 Bc4
29.Kc2 Ke7 30.b3 Bf1 31.g3 Kd7 32.c4 Bg2 33.f4 exf4 34.gxf4 g5 35.b4 h4 36.Kd2 g4
37.Ke2 Be4 38.Kf2 Ke7 39.c5 Bc6 40.Kg1 g3 41.hxg3 hxg3 42.Kf1 Kd7  1/2-1/2

[Event "Open"]
[Site "Trinec CZE"]
[Date "2002.01.02"]
[Round "9"]
[White "Kislov,M"]
[Black "Mironov,I"]
[Result "1-0"]
[WhiteElo "2372"]
[BlackElo "2268"]

1.e4 c5 2.Nf3 d6 3.d4 cxd4 4.Nxd4 Nf6 5.Nc3 a6 6.Be3 e6 7.Qf3 Qc7 8.g4 d5
9.exd5 Bb4 10.Bd2 Bxc3 11.Qxc3 Qxc3 12.Bxc3 Nxd5 13.Bd2 Bd7 14.c4 Ne7 15.Bc3 O-O
16.Rg1 Nbc6 17.Nb3 Rad8 18.O-O-O Bc8 19.Be2 Ng6 20.Na5 Nce5 21.Rg3 Rxd1+
22.Bxd1 Rd8 23.Kc2 f6 24.g5 Kf7 25.Bh5 Nd7 26.Rf3 f5 27.Rd3 Re8 28.Nxb7 Bxb7
29.Rxd7+ Re7  1-0

[Event "Troll Masters"]
[Site "Gausdal NOR"]
[Date "2002.01.07"]
[Round "4"]
[White "Hossain,Enam"]
[Black "Womacka,M"]
[Result "0-1"]
[WhiteElo "2426"]
[BlackElo "2499"]

1.e4 c5 2.Nf3 d6 3.d4 cxd4 4.Nxd4 Nf6 5.Nc3 a6 6.Be3 e5 7.Nb3 Be6 8.f3 Nbd7
9.g4 Be7 10.Qd2 O-O 11.g5 Nh5 12.O-O-O Qc7 13.Kb1 b5 14.Nd5 Bxd5 15.exd5 Nb6
16.Na5 Nxd5 17.Qxd5 Qxa5 18.c4 Rab8 19.c5 dxc5 20.Qxe5 Rfe8 21.Bxc5 Bf8 22.Qf5 g6
23.Qc2 Red8 24.b4 Qa3 25.Bh3 Bxc5  0-1

[Event "Women"]
[Site "Tallinn EST"]
[Date "2002.01.11"]
[Round "5"]
[White "Reizniece,D"]
[Black "Paasikangas,J"]
[Result "1/2-1/2"]
[WhiteElo "2282"]
[BlackElo "2300"]

1.e4 c5 2.Nf3 d6 3.d4 cxd4 4.Nxd4 Nf6 5.Nc3 a6 6.Be3 Ng4 7.Bg5 h6 8.Bh4 g5
9.Bg3 Bg7 10.h3 Ne5 11.Nf5 Bxf5 12.exf5 Nbc6 13.Nd5 Nd7 14.c3 Qa5 15.Bc4 Nb6
16.f6 Nxc4 17.fxg7 Rg8 18.b4 Qd8 19.Qd3 N6e5 20.Qh7 Kd7 21.O-O Kc6 22.Qxg8 Kxd5
23.Qxd8 Rxd8 24.f4 gxf4 25.Bxf4 h5 26.Bxe5 Nxe5 27.Rf5 Rg8 28.Rxh5 Rxg7 29.Rf5 e6
30.Rf4 f5 31.Kf1 Rg3 32.c4+ Kc6 33.Rc1 Nd3 34.Rc3 Re3 35.Rxd3 Rxd3 36.h4 Kd7
37.g4 fxg4 38.Rxg4 b5 39.cxb5 axb5 40.Rg7+ Kc6 41.h5 Rh3 42.Rh7 e5 43.Kg2 Ra3
44.h6  1/2-1/2

[Event "18th Open"]
[Site "Skopje MKD"]
[Date "2002.01.15"]
[Round "1"]
[White "Stojanovski,D"]
[Black "Palac,M"]
[Result "1/2-1/2"]
[WhiteElo "2416"]
[BlackElo "2580"]

1.e4 c5 2.Nf3 d6 3.d4 cxd4 4.Nxd4 Nf6 5.Nc3 a6 6.Be3 e5 7.Nb3 Be6 8.f3 Be7
9.Qd2 O-O 10.O-O-O Nbd7 11.g4 Qc7 12.Kb1 b5 13.g5 Nh5 14.Nd5 Bxd5 15.exd5 Nb6
16.Na5 Nxd5 17.Qxd5 Qxa5 18.Bh3 Qb4 19.Bg4 Nf4 20.Bxf4 Qxf4 21.h4 Ra7 22.Rde1 Qc4
23.Qxc4 bxc4 24.f4 exf4 25.Re4 c3 26.Rxf4 cxb2 27.Kxb2 Rb8+ 28.Kc1 Rab7 29.Bf3 Rb4
30.Rxb4 Rxb4 31.Re1 Kf8 32.Re4 d5 33.Rxb4 Bxb4 34.Kd1 Bd6 35.Ke2 Bg3 36.h5 g6
37.hxg6 hxg6 38.Ke3 Bh4 39.Kf4 d4 40.Bd5 Ke7 41.Kg4 Be1 42.Bc4 a5 43.a4 Bd2
44.Bb3 Bc1 45.Bc4 f6 46.gxf6+ Kxf6 47.Bd5 Ke5 48.Bf7 g5 49.Be8 Ke4 50.Bg6+ Kd5
51.Bf7+ Kc5 52.Bg6 Kb4 53.Be8  1/2-1/2

[Event "18th Open"]
[Site "Skopje MKD"]
[Date "2002.01.16"]
[Round "2"]
[White "Damaso,R"]
[Black "Erdogdu,M"]
[Result "1-0"]
[WhiteElo "2412"]
[BlackElo "2318"]

1.e4 c5 2.Nf3 d6 3.d4 cxd4 4.Nxd4 Nf6 5.Nc3 a6 6.Be3 e6 7.g4 e5 8.Nf5 g6
9.Bg2 gxf5 10.exf5 h5 11.h3 hxg4 12.hxg4 Rxh1+ 13.Bxh1 Nc6 14.Qe2 Qa5 15.O-O-O Bd7
16.g5 O-O-O 17.gxf6 Bxf5 18.Qc4 Be6 19.Bd5 Kd7 20.Rh1 Re8 21.a3 Nd8 22.Kb1 Qc7
23.Qe4 Kc8 24.Rh7 Kb8 25.Bxe6 Nxe6 26.Nd5 Qd7 27.Qg4 Qc6 28.Nb4 Qd7 29.Qh5 Nd8
30.Bb6 d5 31.Bxd8 Bxb4 32.axb4 Rxd8 33.Qxe5+ Ka7 34.Qe7 Qf5 35.Rxf7 Rb8 36.Qc5+ Ka8
37.Rf8  1-0

[Event "XXVII Open"]
[Site "Seville ESP"]
[Date "2002.01.17"]
[Round "7"]
[White "Korneev,O"]
[Black "Teran Alvarez,I"]
[Result "1-0"]
[WhiteElo "2568"]
[BlackElo "2392"]

1.e4 c5 2.Nf3 d6 3.d4 cxd4 4.Nxd4 Nf6 5.Nc3 a6 6.Be3 e6 7.f3 b5 8.Qd2 Nbd7
9.O-O-O Bb7 10.g4 Nb6 11.Qf2 Nfd7 12.Bd3 Rc8 13.Nce2 Nc5 14.Kb1 Nba4 15.g5 Qc7
16.Rd2 Be7 17.h4 d5 18.e5 Ne4 19.fxe4 dxe4 20.Nxb5 axb5 21.Bxb5+ Bc6 22.Bxc6+ Qxc6
23.Nd4 Qc7 24.Nb3 O-O 25.Bd4 Ra8 26.Qe2 Qc6 27.Re1 Nb6 28.Bxb6 Qxb6 29.Rd7 Bb4
30.c3 Bc5 31.Qxe4 Rfb8 32.Qf4 f5 33.exf6 Rxa2 34.Qc4  1-0

[Event "39th BPCL ch-IND"]
[Site "Nagpur IND"]
[Date "2002.01.18"]
[Round "3"]
[White "Swathi,G"]
[Black "Thipsay,P"]
[Result "0-1"]
[WhiteElo "2362"]
[BlackElo "2456"]

1.e4 c5 2.Nf3 d6 3.d4 cxd4 4.Nxd4 Nf6 5.Nc3 a6 6.Be3 e6 7.Be2 Qc7 8.O-O b5
9.a3 Bb7 10.f3 Nbd7 11.Qe1 Be7 12.Rd1 O-O 13.Qg3 Rfe8 14.Nb3 Rac8 15.Kh1 Nb6
16.Bd4 Nc4 17.Bxc4 bxc4 18.Nc1 e5 19.Be3 Bc6 20.N1a2 a5 21.Qf2 Qb7 22.Bc1 Red8
23.Rfe1 h6 24.Qd2 d5 25.exd5 Nxd5 26.Qe2 Nf6 27.Rxd8+ Bxd8 28.Ne4 Nxe4 29.fxe4 Bh4
30.g3 Bg5 31.Qxc4 Bxc1 32.Nxc1 Bb5 33.Qd5 Qxd5 34.exd5 Rxc2 35.b4 axb4 36.axb4 Rd2
37.Kg1 f6 38.Nb3 Rxd5 39.Rc1 Rd3 40.Nc5 Rd6 41.Ra1 Bc4 42.Ra8+ Kf7 43.Rb8 Kg6
44.Rb7 h5 45.Nd7 Rd2 46.Rc7 Rd4 47.Rb7 Kf5 48.Nb6 g5 49.Nc8 Ke4 50.Rb6 Rd1+
51.Kg2 Ke3 52.Rxf6 Bd5+ 53.Kh3 Rg1  0-1

[Event "150 SJ Rio Preto"]
[Site "Sao Paulo BRA"]
[Date "2002.01.18"]
[Round "2"]
[White "Crosa,M"]
[Black "Coelho,L"]
[Result "1-0"]
[WhiteElo "2393"]
[BlackElo "2285"]

1.e4 c5 2.Nf3 d6 3.d4 cxd4 4.Nxd4 Nf6 5.Nc3 a6 6.Be3 e5 7.Nb3 Be6 8.f3 Nbd7
9.g4 b5 10.g5 b4 11.Ne2 Nh5 12.Qd2 a5 13.Ng3 Nxg3 14.hxg3 a4 15.Nc1 Qa5 16.Bh3 d5
17.exd5 Qxd5 18.Bxe6 Qxe6 19.Nd3 Rd8 20.Rh4 Nb6 21.Qe2 Nc4 22.Re4 Be7 23.Nc5 Bxc5
24.Bxc5 Nd2 25.Qb5+ Rd7 26.O-O-O f5 27.Re3  1-0

[Event "54th ch-YUG Youth"]
[Site "Obrenovac YUG"]
[Date "2002.01.21"]
[Round "12"]
[White "Djukic,Ni"]
[Black "Popovic,Du"]
[Result "0-1"]
[WhiteElo "2383"]
[BlackElo "2394"]

1.e4 c5 2.Nf3 d6 3.d4 cxd4 4.Nxd4 Nf6 5.Nc3 a6 6.Be3 e5 7.Nb3 Be6 8.Qd2 Nbd7
9.f3 b5 10.a4 b4 11.Nd5 Bxd5 12.exd5 Nb6 13.Bxb6 Qxb6 14.a5 Qb7 15.Bc4 g6
16.Ra4 Rb8 17.Nc1 h5 18.Na2 Bh6 19.Qe2 O-O 20.Nxb4 e4 21.O-O exf3 22.gxf3 Rfe8
23.Qg2 Qd7 24.b3 Re5 25.Kh1 Rbe8 26.Raa1 Bf4 27.Nd3 Rg5 28.Qf2 Be3 29.Qh4 Qf5
30.Rae1 Rg4 31.Qxf6 Qxf6 32.fxg4 Qd4 33.Nf4 Re5 34.Ng2 hxg4 35.Bxa6 Bd2 36.Rxe5 Qxe5
37.Bc8 Qe2  0-1

[Event "GMB"]
[Site "Bermuda BER"]
[Date "2002.01.24"]
[Round "4"]
[White "Shahade,G"]
[Black "Alvarez,Joh"]
[Result "1-0"]
[WhiteElo "2454"]
[BlackElo "2379"]

1.e4 c5 2.Nf3 d6 3.d4 cxd4 4.Nxd4 Nf6 5.Nc3 a6 6.Be3 e5 7.Nb3 Be6 8.f3 Nbd7
9.Qd2 Be7 10.g4 h6 11.O-O-O b5 12.h4 Nb6 13.Qf2 Rb8 14.Kb1 Na4 15.Nd5 Bxd5
16.exd5 Qc7 17.Qd2 Nd7 18.Qa5 Qc8 19.Qb4 Ndb6 20.Na5 Qc7 21.c3 O-O 22.Nc6 Rb7
23.Na5 Rbb8 24.Nc6 Rb7 25.Ka1 Bd8 26.Qe4 Nc4 27.Bxc4 bxc4 28.Rd2 Nb6 29.Bxb6 Qxb6
30.Nxd8 Rxd8 31.Qxc4 Rc7 32.Qd3 a5 33.g5 h5 34.g6 Rf8 35.Rg2 a4 36.a3 Rb7
37.Rhg1 f5 38.f4 Qc5 39.Qe2 Rfb8 40.Qxh5 Rxb2 41.Qh7+ Kf8 42.Qh8+ Ke7 43.Qxg7+ Kd8
44.Qf8+ Kc7 45.Qe7+ Kc8 46.Qe8+ Kc7 47.Qc6+ Qxc6 48.dxc6 R2b3 49.g7 Rg8 50.h5 Rxc3
51.Rg3 Rxg3 52.Rxg3 exf4 53.Rg1 f3 54.h6 Kxc6 55.h7 Rxg7 56.Rc1+  1-0

[Event "GMB"]
[Site "Bermuda BER"]
[Date "2002.01.25"]
[Round "5"]
[White "De Vreugt,D"]
[Black "Shahade,G"]
[Result "1/2-1/2"]
[WhiteElo "2446"]
[BlackElo "2454"]

1.e4 c5 2.Nf3 d6 3.d4 cxd4 4.Nxd4 Nf6 5.Nc3 a6 6.Be3 e6 7.g4 b5 8.g5 Nfd7
9.a3 Bb7 10.f4 Nb6 11.Qg4 N8d7 12.Bd3 Rc8 13.a4 bxa4 14.O-O a3 15.Rxa3 d5
16.Raa1 dxe4 17.Bxa6 Bxa6 18.Rxa6 Nc5 19.Ra7 Nc4 20.Qe2 Nxe3 21.Qxe3 Bd6
22.b4 Nd7 23.Rb7 O-O 24.Nxe4 Bb8 25.b5 Nb6 26.Nc6 Rxc6 27.bxc6 Nd5 28.Qg3 Kh8
29.Rb3 Qc8 30.c4 Ne7 31.Qf2 Qxc6 32.Rfb1 Bc7 33.Qc5 Qxe4  1/2-1/2

[Event "Kaissa Open"]
[Site "Kharkov UKR"]
[Date "2002.01.25"]
[Round "4"]
[White "Ivanov,O UKR"]
[Black "Budnikov,O"]
[Result "1-0"]
[WhiteElo "2350"]
[BlackElo "2430"]

1.e4 c5 2.Nf3 d6 3.d4 cxd4 4.Nxd4 Nf6 5.Nc3 a6 6.Be3 e5 7.Nb3 Be6 8.Qd2 Be7
9.f3 h5 10.a4 Nbd7 11.a5 Rc8 12.Be2 g6 13.O-O Kf8 14.Rfd1 Kg7 15.Nc1 h4 16.Nd3 Nh5
17.Nb4 Nf4 18.Bxf4 exf4 19.Qxf4 Bg5 20.Qxd6 Be3+ 21.Kh1 Qg5 22.Ncd5 Bc5 23.Qf4 Qg3
24.Nd3 Ba7 25.Ne3 g5 26.Nf5+ Bxf5 27.Qxf5 Rxc2 28.Re1 g4 29.Qxd7 gxf3 30.gxf3 Bb8
31.hxg3 hxg3+ 32.Kg1 Rh2 33.Qd4+  1-0

[Event "GMB"]
[Site "Bermuda BER"]
[Date "2002.01.27"]
[Round "6"]
[White "Blehm,P"]
[Black "Alvarez,Joh"]
[Result "1-0"]
[WhiteElo "2535"]
[BlackElo "2379"]

1.e4 c5 2.Nf3 d6 3.d4 cxd4 4.Nxd4 Nf6 5.Nc3 a6 6.Be3 e5 7.Nb3 Be6 8.f3 Nbd7
9.g4 h6 10.Qd2 b5 11.O-O-O Nb6 12.Qf2 Rb8 13.Nc5 Bc8 14.Nd3 Nc4 15.Nb4 Nxe3
16.Qxe3 Be7 17.h4 Bb7 18.Qe1 O-O 19.Kb1 a5 20.Nbd5 b4 21.Nxe7+ Qxe7 22.Ne2 Rfc8
23.Ng3 Qc7 24.Rh2 a4 25.g5 Ne8 26.gxh6 g6 27.h5 g5 28.Qd2 f6 29.Bh3 Rd8 30.Qxb4 Bd5
31.Qa3 Bf7 32.Bf5 Qc4 33.Nf1 Nc7 34.Ne3 Qc6 35.c4 Kf8 36.Rhd2 Ke7 37.h7 Na6
38.Bg4  1-0

[Event "Corus Tens"]
[Site "Wijk aan Zee NED"]
[Date "2002.01.27"]
[Round "9"]
[White "Iordachescu,V"]
[Black "Van Blitterswijk,S"]
[Result "1-0"]
[WhiteElo "2558"]
[BlackElo "2384"]

1.e4 c5 2.Nf3 d6 3.d4 cxd4 4.Nxd4 Nf6 5.Nc3 a6 6.Be3 e5 7.Nb3 Be6 8.f4 exf4
9.Bxf4 Nc6 10.Qd2 d5 11.O-O-O Bb4 12.Qd3 Bxc3 13.Qxc3 O-O 14.exd5 Nxd5 15.Qg3 Rc8
16.Bd6 Ncb4 17.Rd2 Qf6 18.Bxf8 Kxf8 19.Bd3 Nxa2+ 20.Kb1 Nac3+ 21.Ka1 Qe7
22.Qe5 a5 23.Rf1 Kg8 24.Rf3 Qh4 25.bxc3 Qa4+ 26.Kb2 Nxc3 27.Bxh7+  1-0

[Event "GMB"]
[Site "Bermuda BER"]
[Date "2002.01.29"]
[Round "8"]
[White "Blehm,P"]
[Black "Shahade,G"]
[Result "1/2-1/2"]
[WhiteElo "2535"]
[BlackElo "2454"]

1.e4 c5 2.Nf3 d6 3.d4 cxd4 4.Nxd4 Nf6 5.Nc3 a6 6.Be3 e6 7.f3 b5 8.Qd2 Nbd7
9.g4 Nb6 10.O-O-O Bb7 11.Bd3 Rc8 12.Qf2 Nfd7 13.Nce2 Nc5 14.Kb1 Nba4 15.h4 Qc7
16.Rd2 d5 17.e5 Qxe5 18.Bf4 Qf6 19.Bg5 Qe5 20.Bf4 Qf6 21.Bg5 Qe5  1/2-1/2

[Event "FSFMB February"]
[Site "Budapest HUN"]
[Date "2002.02.03"]
[Round "2"]
[White "Fodor,I"]
[Black "Dombai,I"]
[Result "1/2-1/2"]
[WhiteElo "2082"]
[BlackElo "2214"]

1.e4 c5 2.Nf3 d6 3.d4 cxd4 4.Nxd4 Nf6 5.Nc3 a6 6.Be3 Ng4 7.Bg5 h6 8.Bh4 g5
9.Bg3 Bg7 10.Qd2 Nc6 11.Nb3 b5 12.f3 Nge5 13.Bf2 Be6 14.h4 gxh4 15.Rxh4 Bc4
16.Nd4 Nxd4 17.Bxd4 Bxf1 18.Bxe5 dxe5 19.Qxd8+ Rxd8 20.Kxf1 Rd2 21.Re1 Rxc2
22.Re2 Rc1+ 23.Re1 Rxe1+ 24.Kxe1 e6 25.Ke2 Ke7 26.Rh1 Bf6 27.Rc1 Rg8 28.g4 Bg5
29.Rc2 Bf4 30.Nd1 Rd8 31.Ne3 Rd6 32.Rc7+ Kf6 33.Rc2 Kg5 34.Rc1 f5 35.gxf5 Bxe3
36.Kxe3 exf5 37.exf5 Kxf5 38.Rc8 h5 39.Rh8 Kg5 40.Ke4 Re6 41.Rg8+ Kh4 42.Kf5 Re7
43.Ke4 Rf7 44.Rg1 Rf4+ 45.Ke3 Rd4 46.a3 b4 47.axb4 Rxb4 48.Rg6 a5 49.Re6 Rxb2
50.Rxe5 Ra2 51.f4 a4 52.f5 Ra1 53.Ke2 a3 54.f6 a2 55.Ra5 Rb1 56.f7 Rb8 57.Rxa2  1/2-1/2

[Event "FSIM February"]
[Site "Budapest HUN"]
[Date "2002.02.04"]
[Round "3"]
[White "Erdelyi,Z"]
[Black "Bonnet,E1"]
[Result "0-1"]
[WhiteElo "2215"]
[BlackElo "2197"]

1.e4 c5 2.Nf3 d6 3.d4 cxd4 4.Nxd4 Nf6 5.Nc3 a6 6.Be3 e5 7.Nb3 Be6 8.f3 Nbd7
9.Qd2 Rc8 10.O-O-O Be7 11.g4 Nb6 12.Kb1 O-O 13.h4 Nfd7 14.g5 f5 15.gxf6 Nxf6
16.Bg5 Qe8 17.Bh3 Bxh3 18.Rxh3 Nc4 19.Qg2 a5 20.h5 a4 21.Nc1 Nxb2 22.Kxb2 a3+
23.Kxa3 Rxc3+ 24.Kb2 Qc6 25.Nb3 Rc8 26.Rd2 Rxb3+ 27.Kc1 Qc3 28.Kd1 Rb1+ 29.Ke2 Rb2
30.Bh6 Bf8 31.Kd1 Qc4 32.Re2 Rb1+ 33.Bc1 d5 34.h6 g6 35.Rg3 Kf7 36.f4 Nxe4
37.Qh3 Qd4+ 38.Rd2 Qxd2+  0-1

[Event "Mimoza Open"]
[Site "Herceg Novi YUG"]
[Date "2002.02.07"]
[Round "6"]
[White "Kovacevic,A"]
[Black "Bistric,F"]
[Result "1-0"]
[WhiteElo "2549"]
[BlackElo "2486"]

1.e4 c5 2.Nf3 d6 3.d4 cxd4 4.Nxd4 Nf6 5.Nc3 a6 6.Be3 Nc6 7.f3 Nxd4 8.Qxd4 e5
9.Qd2 Be6 10.O-O-O Qa5 11.Kb1 Be7 12.Qf2 Qc7 13.g4 O-O 14.h4 b5 15.g5 Nh5
16.f4 Nxf4 17.Bxf4 exf4 18.Qxf4 Rac8 19.Bd3 Rce8 20.Bf1 Qc5 21.Nd5 Bd8 22.Qg3 Kh8
23.h5 Bc8 24.Bd3 Re5 25.g6 Bg5 26.gxf7 Rxf7 27.Rhf1 Be6 28.Rxf7 Bxf7 29.Rf1 Qa7
30.Qf3 Kg8 31.a4 bxa4 32.Bc4 h6 33.Qg4 Kh7 34.Qc8 Re8 35.Qf5+ Kh8  1-0

[Event "7th HIT Open"]
[Site "Nova Gorica SLO"]
[Date "2002.02.07"]
[Round "8"]
[White "Korneev,O"]
[Black "Kozul,Z"]
[Result "0-1"]
[WhiteElo "2568"]
[BlackElo "2606"]

1.e4 c5 2.Nf3 d6 3.d4 cxd4 4.Nxd4 Nf6 5.Nc3 a6 6.Be3 e6 7.f3 b5 8.Qd2 Bb7
9.g4 Nfd7 10.O-O-O Nb6 11.Nb3 Nc6 12.Qf2 Nd7 13.g5 Nce5 14.Rg1 Qc7 15.f4 Nc4
16.Bxc4 bxc4 17.Nd4 Nc5 18.f5 Rb8 19.Rg4 Bc8 20.Nde2 Nd7 21.Ba7 Rb7 22.Bd4 Ne5
23.Rgg1 Qa5 24.a3 g6 25.h4 Rg8 26.h5 Be7 27.hxg6 hxg6 28.f6 Bd8 29.Rh1 Bb6
30.Qh2 Rf8 31.Qh6 Nd7 32.e5 d5 33.Nxd5 exd5 34.e6 fxe6 35.Qxg6+ Kd8 36.Nf4 Ne5
37.Bxe5 Be3+ 38.Kb1 Bxf4 39.Bxf4 c3 40.Bc1 Rxb2+ 41.Bxb2 Qb6  0-1

[Event "FSGM February"]
[Site "Budapest HUN"]
[Date "2002.02.10"]
[Round "9"]
[White "Medvegy,Z"]
[Black "Szeberenyi,A"]
[Result "1-0"]
[WhiteElo "2478"]
[BlackElo "2411"]

1.e4 c5 2.Nf3 d6 3.d4 cxd4 4.Nxd4 Nf6 5.Nc3 a6 6.Be3 Ng4 7.Bg5 h6 8.Bh4 g5
9.Bg3 Bg7 10.Be2 h5 11.Nf5 Bxf5 12.exf5 h4 13.Bxg4 hxg3 14.fxg3 Nd7 15.Nd5 Bxb2
16.Rb1 Nf6 17.Rxb2 Qa5+ 18.Qd2 Qxd5 19.Qxd5 Nxd5 20.Bf3 Ne3 21.Bxb7 Ra7 22.Bxa6 O-O
23.Bd3 Ra5 24.Kd2 Nxf5 25.Rb5 Rxb5 26.Bxb5 d5 27.Re1 Nd6 28.a4 e6 29.Bd3 Ra8
30.Ra1 e5 31.g4 Kf8 32.a5 Ke7 33.a6 Kd7 34.c3 Kc6 35.g3 Rh8 36.h4 e4 37.Be2 f5
38.hxg5 fxg4 39.g6 Nc8 40.a7 Nb6 41.Ke3 Rf8 42.Rf1 Rg8 43.Rf6+ Kc5 44.Bxg4 Na8
45.Be6 Rg7 46.Bf7 Nc7 47.g4 Na8 48.Re6  1-0

[Event "US Amateur Team East"]
[Site "Parsipanny USA"]
[Date "2002.02.16"]
[Round "2"]
[White "Panken,R"]
[Black "Shahade,M"]
[Result "0-1"]
[WhiteElo "2125"]
[BlackElo "2283"]

1.e4 c5 2.Nf3 d6 3.d4 cxd4 4.Nxd4 Nf6 5.Nc3 a6 6.Be3 e5 7.Nb3 Be6 8.f3 Nbd7
9.Qd2 Qc7 10.O-O-O Rb8 11.Kb1 b5 12.g4 h6 13.h4 Nb6 14.Bxb6 Qxb6 15.Nd5 Nxd5
16.exd5 Bd7 17.Bd3 Be7 18.Be4 Bd8 19.g5 h5 20.Rdf1 b4 21.f4 exf4 22.Qxf4 O-O
23.Bg6 Bg4 24.Bxf7+ Kh8 25.g6 Bf6 26.Rfg1 Rxf7 27.gxf7 Qc7 28.Rxg4 hxg4 29.Qxg4 Qxf7
30.Rd1 Rb5 31.Qf5 Qe8 32.h5 Qe5 33.Qxe5 Bxe5 34.Rd3 Kh7 35.c4 bxc3 36.bxc3 Kh6
37.Kc2 Kxh5 38.a4 Rb8 39.Nd2 g5 40.Rh3+ Kg6 41.Kd3 g4 42.Rh1 Kf5 43.Rf1+ Bf4
44.Ne4 Ke5 45.Nxd6 Kxd6 46.Rxf4 Rg8 47.c4 g3 48.Rf1 g2 49.Rg1 Kc5  0-1

[Event "9th Open Metalis"]
[Site "Bizovac CRO"]
[Date "2002.02.22"]
[Round "4"]
[White "Sax,G"]
[Black "Rasic,D"]
[Result "1/2-1/2"]
[WhiteElo "2584"]
[BlackElo "2338"]

1.e4 c5 2.Nf3 d6 3.d4 cxd4 4.Nxd4 Nf6 5.Nc3 a6 6.Be3 e5 7.Nb3 Be6 8.f3 Be7
9.Qd2 Nbd7 10.g4 h6 11.O-O-O b5 12.Kb1 Qc7 13.Qf2 Rb8 14.h4 b4 15.Nd5 Bxd5
16.exd5 a5 17.Nc1 Kf8 18.Qg2 Nb6 19.f4 h5 20.g5 Ng4 21.Bg1 a4 22.fxe5 dxe5
23.Rh3 g6 24.Be2 Kg7 25.Bxg4 hxg4 26.Qxg4 Rhc8 27.Qe4 Nc4 28.h5 Bxg5 29.hxg6 fxg6  1/2-1/2

[Event "9th Open Metalis"]
[Site "Bizovac CRO"]
[Date "2002.02.24"]
[Round "7"]
[White "Sulc,D"]
[Black "Sax,G"]
[Result "0-1"]
[WhiteElo "2246"]
[BlackElo "2584"]

1.e4 c5 2.Nf3 d6 3.d4 cxd4 4.Nxd4 Nf6 5.Nc3 a6 6.Be3 e6 7.f3 b5 8.a3 Bb7
9.g4 h6 10.Qd2 Nbd7 11.O-O-O Rc8 12.g5 hxg5 13.Bxg5 Be7 14.Rg1 g6 15.h4 Qb6
16.Bg2 Ne5 17.f4 Nc4 18.Qe1 b4 19.axb4 Qxb4 20.Nb3 a5 21.e5 dxe5 22.fxe5 Nd7
23.Bxe7 Kxe7 24.Rxd7+ Kxd7 25.Bxb7 Qxb7 26.Qf2 Ke8 27.Qd4 Qb6 28.Qxb6 Nxb6
29.Ne4  0-1

[Event "Open"]
[Site "Malaga ESP"]
[Date "2002.02.27"]
[Round "6"]
[White "Rizouk,A"]
[Black "Barria,D"]
[Result "1-0"]
[WhiteElo "2467"]
[BlackElo "2368"]

1.e4 c5 2.Nf3 d6 3.d4 cxd4 4.Nxd4 Nf6 5.Nc3 a6 6.Be3 e6 7.f3 b5 8.Qd2 Nbd7
9.g4 Nb6 10.O-O-O Bb7 11.Qf2 Nfd7 12.Bd3 Rc8 13.Nce2 d5 14.e5 Nxe5 15.Nxe6 fxe6
16.Bxb6 Qd7 17.Bd4 Nxd3+ 18.Rxd3 Bd6 19.Qe3 O-O 20.Re1 b4 21.Rd2 a5 22.Be5 Rxf3
23.Qxf3 Bxe5 24.Nd4 Bxd4 25.Rxd4 Qc7 26.Rd2 e5 27.Rf2 h6 28.Qf5 e4 29.g5 d4
30.Qe6+ Kh8 31.gxh6 d3 32.hxg7+ Qxg7 33.Qh3+ Kg8 34.Rg2 Rxc2+ 35.Rxc2 dxc2
36.Qe6+ Kh8 37.Qh3+ Kg8 38.Qe3 Kf7 39.Rf1+ Ke6 40.Qb6+ Ke5 41.Qxa5+ Bd5 42.Qxb4 Qg5+
43.Qd2 e3 44.Re1 Ke4 45.Kxc2 Bc4 46.Qb4 Qg2+ 47.Kc1 Kf3  1-0

[Event "ONCE Blind"]
[Site "Linares ESP"]
[Date "2002.03.01"]
[Round "6"]
[White "Krylov,Se"]
[Black "Zsiltzova Lisenko,L"]
[Result "1-0"]
[WhiteElo "2370"]
[BlackElo "2259"]

1.e4 c5 2.Nf3 d6 3.d4 cxd4 4.Nxd4 Nf6 5.Nc3 a6 6.Be3 e5 7.Nb3 Be7 8.f3 h5
9.Qd2 Be6 10.Be2 Nbd7 11.Nd5 Nxd5 12.exd5 Bf5 13.Na5 Qc7 14.c4 Bf6 15.Rc1 b6
16.Nc6 Nb8 17.Nxb8 Rxb8 18.b4 O-O 19.O-O a5 20.a3 axb4 21.axb4 Ra8 22.c5 bxc5
23.bxc5 dxc5 24.Rxc5 Qd8 25.d6 Be6 26.Bc4 Bxc4 27.Rxc4 Qd7 28.Rc7 Qe6 29.Rd1 h4
30.Qd5 Qf5 31.Rxf7 Rxf7 32.Qxa8+ Kh7 33.Qe4 Qxe4 34.fxe4 Rd7 35.Kf2 Kg6 36.Kf3 Kf7
37.Kg4 Be7 38.Bf2 Rxd6 39.Rxd6 Bxd6 40.Bxh4 Bc5 41.Kf5 Bd4 42.Bd8 g6+ 43.Kg5 Bg1
44.h4 Bd4 45.Kh6 Bf2 46.g4 Bg3 47.Kh7 Bf4 48.h5 g5 49.Kh6 Be3 50.Bc7 Bf4
51.Bxe5 Bxe5 52.Kxg5 Bc3 53.Kf5 Bd4 54.g5 Bc3 55.e5 Kg7 56.h6+ Kg8 57.g6 Bd2
58.e6 Bb4 59.Kf6 Bc3+ 60.Ke7 Bd2 61.h7+ Kg7 62.h8=Q+ Kxh8 63.Kf7  1-0